000 00714nam a22002531 4500
001 15440
003 BD-RjUL
005 20211208235821.0
008 140210s1964 nyua 001 0 eng d
035 _a(BD-RjUL)15494
040 _aDLC
_cDLC
_dDLC
_dBD-RjUL
_beng
041 _aeng
082 0 0 _a658.3
_bHAP 1964
100 1 _aHaire, Mason.
_947955
245 1 0 _aPsychology in management /
_cMason Haire
250 _a2nd ed.
260 _aNew York :
_bMcGraw-Hill ,
_cc1964
300 _axiv, 238 p. :
_bill. ;
_c21 cm.
490 0 _aMcGraw-Hill series in psychology
650 0 _aPsychology, Industrial.
_93670
650 0 _aIndustrial management.
_947956
942 _2ddc
_cBK
999 _c15440
_d15440